000 00247nam a2200097Ia 4500
001 793213
005 20250826170644.0
008 250824s9999 xx 000 0 und d
245 0 _aALLAH DE ÖTESİNİ BIRAK
_cUĞUR KOŞAR
260 _bDESTEK YAYINLARI
999 _c793213
_d793213